000
00333cam a2200145ua 4500
041
_a
eng
_h
082
_a
823.308
_b
CAN/RI
100
_a
Canaway, W H .
245
_a
Ring - Givers /
_c
W H Canaway.
_h
Textual Documents
260
_a
:
_b
Longmans ,
_c
1964.
300
_a
118 ; .
504
_a
942
_c
BK
999
_c
3438
_d
3438